000 00730nam a22002297a 4500
003 0
005 20250927085220.0
008 250927b xxu||||| |||| 00| 0 eng d
020 _a978-93-5751-697-6
050 _aHD 1375
_b.G53 2025
100 _aGibson, Koby,
_eauthor.
245 _aReal estate planning :
_bhow to buy a house /
_cKoby Gibson.
250 _aFirst edition.
260 _aNew Delhi, India :
_bRandom Publications LLP,
_c2025.
300 _aix, 294 pages :
_billustrations ;
_c24 cm.
504 _aIncludes bibliographical references and index.
650 _aReal estate investment.
650 _aReal property
_xPurchasing.
650 _aHouse buying.
650 _aReal estate business.
942 _2lcc
_cBK
999 _c368126
_d368126